|
|
|
|
| LEADER |
00656nam a2200193 a 4500 |
| 005 |
20151026130436.0 |
| 008 |
960221s1955 dcuabcdjdbkoqu001 0deng d |
| 003 |
ViArRB |
| 100 |
|
|
|a Rembold, U
|
| 245 |
|
|
|a Computer aided design and manufacturing: Methods and tools
|
| 250 |
|
|
|a 2nd ed.
|
| 260 |
|
|
|a New York
|b Springer-Verlag
|c 1984
|
| 300 |
|
|
|a xiv, 458 p.
|
| 500 |
|
|
|a
|
| 653 |
|
|
|a Systems design
|a CAD/CAM
|a Computer science
|a computer aided design
|a computer aided manufacturing
|
| 700 |
|
|
|a R.Dillmann
|
| 942 |
|
|
|c BK
|6 _
|
| 999 |
|
|
|c 5464
|d 5464
|
| 952 |
|
|
|0 0
|1 0
|2 udc
|4 0
|6 004896_REM
|7 0
|9 16853
|a UL
|b UL
|d 2010-06-16
|o 004.896 REM
|p 00036936
|r 2010-06-16
|w 2010-06-16
|y BK
|